| 000 | 01824cad a22002415a 4500 | ||
|---|---|---|---|
| 001 | E147508 | ||
| 008 | 090519s2001 xxk f s000 0 eng d | ||
| 035 | _a(Sirsi) u147508 | ||
| 041 | 0 | _aeng | |
| 050 | 0 | 4 | _a631.2 $2 18 |
| 100 | 2 | _aDavey, Andy | |
| 245 | 0 | 4 |
_aThe conversion of redundant farm steadings to other uses _h[electronic resource] |
| 260 |
_aEdinburgh _bScottish Executive _c2001 |
||
| 505 | 2 | _aExecutive summary -- Chapter one, introduction: background; purpose and scope of report; research methods and limitations; structure of the report -- Chapter two, brief history and description of traditional farm steadings: history; development of steading form; common building types and their characteristics; recording and protection -- Chapter three, the re-use of redundant steadings: the case for conservation and conversion; alternative and preferred uses; current policy; consents; controls and quality; financial considerations; summary of sources of possible financial aid -- Chapter four, design criteria and guidance: general aims and principles; assessment and evaluation; adaptability; major interventions and extensions; building materials and methods; roofs; external walls and openings; floors; inside spaces, internal finishes and fittings; outside spaces, servicing and external works; special features -- Conclusion -- Appendices | |
| 520 | _aExamines issues relating to the re-use and conversion of traditional farm buildings in Scotland. | ||
| 521 | _aAdvanced | ||
| 651 | 4 |
_aScotland _y1999- |
|
| 690 | _aPROPERTY-RURAL AND NATURAL ASSETS-AGRICULTURAL PROPERTY | ||
| 700 | 1 | _aKerr, Lesley | |
| 710 | 1 |
_aSimpson & Brown Architects _93125 |
|
| 856 | 4 | 0 |
_uhttps://www.scotland.gov.uk/Publications/2002/07/15133/9003 _zView the report free of charge at www.scotland.gov.uk... |
| 942 | _n0 | ||
| 999 |
_c109591 _d109591 |
||